Biotechnology : (Record no. 182945)

MARC details
000 -LEADER
fixed length control field 00550nam a22001817a 4500
005 - DATE AND TIME OF LATEST TRANSACTION
control field 20211210154553.0
010 ## - LCCN (DPL NO)
LC control number B-159075
020 ## - INTERNATIONAL STANDARD BOOK NUMBER
International Standard Book Number 9788176489294
Terms of availability 895.00
035 ## - SYSTEM CONTROL NUMBER
System control number B-159075
037 ## - SOURCE OF ACQUISITION
Source of stock number/acquisition BPPD/PUB
082 ## - DEWEY DECIMAL CLASSIFICATION NUMBER
Classification number 660.6 BAN
100 ## - MAIN ENTRY--PERSONAL NAME
Personal name Benerjee,Meenakshi
245 ## - TITLE STATEMENT
Title Biotechnology :
Remainder of title a glossary /
Statement of responsibility, etc by Meenkshi Banerjee
260 ## - PUBLICATION, DISTRIBUTION, ETC. (IMPRINT)
Place of publication, distribution, etc New Delhi
Name of publisher, distributor, etc A.P.H. Publishing Corporation
Date of publication, distribution, etc 2005
270 ## - ADDRESS
Address kulbhushan Nangia
City 5,Ansari Road,Daryaganj
Postal code 110002
300 ## - PHYSICAL DESCRIPTION
Extent viii,337p.
Dimensions 27cm.
942 ## - ADDED ENTRY ELEMENTS (KOHA)
Source of classification or shelving scheme Dewey Decimal Classification
Item type English Books
Classification part 060.6
Call number suffix BAN
Holdings
Withdrawn status Lost status Not for loan Collection code Home library Current library Date acquired Source of acquisition Cost, normal purchase price Full call number Barcode Cost, replacement price Koha item type
      Non-fiction Bawana Bawana 10/12/2021 BPPD/PUB 895.00 060.6 BAN B-159075 895.00 English Books

© Delhi Public Library
Hit Counter
free hit counter